| 000 | 01190nam a2200301Ia 4500 | ||
|---|---|---|---|
| 001 | ebr10313686 | ||
| 003 | CaPaEBR | ||
| 006 | m u | ||
| 007 | cr cn||||||||| | ||
| 008 | 070823s2008 inua sb 001 0 eng d | ||
| 020 | _z9780470177433 (pbk.) | ||
| 020 | _z0470177438 (pbk.) | ||
| 040 |
_aCaPaEBR _cCaPaEBR |
||
| 035 | _a(OCoLC)608624435 | ||
| 050 | 1 | 4 |
_aQA76.9.D3 _bC65 2008eb |
| 100 | 1 | _aCologon, Raymond Joseph. | |
| 245 | 1 | 0 |
_aFileMaker Pro 9 bible _h[electronic resource] / _cRay Cologon with Dennis R. Cohen. |
| 260 |
_aIndianapolis, IN : _bWiley ; _aChichester : _bJohn Wiley [distributor], _c2008. |
||
| 300 |
_axxxii, 735 p. : _bill. |
||
| 504 | _aIncludes bibliographical references and index. | ||
| 533 |
_aElectronic reproduction. _bPalo Alto, Calif. : _cebrary, _d2009. _nAvailable via World Wide Web. _nAccess may be limited to ebrary affiliated libraries. |
||
| 630 | 0 | 0 | _aFileMaker pro. |
| 650 | 0 | _aDatabase management. | |
| 655 | 7 |
_aElectronic books. _2local |
|
| 700 | 1 | _aCohen, Dennis R. | |
| 710 | 2 | _aebrary, Inc. | |
| 856 | 4 | 0 |
_uhttp://site.ebrary.com/lib/rucke/Doc?id=10313686 _zAn electronic book accessible through the World Wide Web; click to view |
| 999 |
_c62830 _d62830 |
||